000 00675nam a2200289Ia 4500
005 20260324135326.0
008 008 260324s9999 xx 000 0 eng d
020 _a9781315078540
037 _aEBOOK
040 _aCRL
040 _beng
040 _cCRL
041 _2eng
041 _aeng
084 _qCRL
100 _aAngela Liberatore
_91200187
245 4 _aThe Management of Uncertainty
245 0 _bLearning from Chernobyl
260 _bTaylor and Francis
260 _c2000
365 _a
365 _b230
856 _uhttp://www.taylorfrancis.com/books/9781315078540
942 _cEBOOK
999 _c1801119
_d1801119